Southville International School and Colleges
Your cart is empty.
  • Cart
  • Lists
    Public lists Eva Luna New books Lux_list list_1
    Your lists Log in to create your own lists
  • Log in to your account
  • Your cookies
  • Search history
Southville International School and Colleges
  • Advanced search
  • Recent comments
  • Most popular
  • Libraries

Log in to your account

Log in with GOOGLE


If you do not have an external account, but do have a local account, you can still log in:

  1. Home
  2. MARC view: Walong diwata ng pagkahulog /
Normal view MARC view ISBD view

Walong diwata ng pagkahulog / (Record no. 18818)

[ view plain ]
MARC details
000 -LEADER
fixed length control field 00472nam a22001817a 4500
003 - CONTROL NUMBER IDENTIFIER
control field OSt
005 - DATE AND TIME OF LATEST TRANSACTION
control field 20140310183109.0
008 - FIXED-LENGTH DATA ELEMENTS--GENERAL INFORMATION
fixed length control field 130305t xxu||||| |||| 00| 0 eng d
020 ## - INTERNATIONAL STANDARD BOOK NUMBER
International Standard Book Number 9789712720666
050 ## - LIBRARY OF CONGRESS CALL NUMBER
Classification number PL 6058.9
Item number .Sa43 2010
100 ## - MAIN ENTRY--PERSONAL NAME
Personal name Samar, Edgar Calabia.
245 ## - TITLE STATEMENT
Title Walong diwata ng pagkahulog /
Statement of responsibility, etc Samar, Edgar Calabia.
260 ## - PUBLICATION, DISTRIBUTION, ETC. (IMPRINT)
Place of publication, distribution, etc Manila :
Name of publisher, distributor, etc Anvil,
Date of publication, distribution, etc 2009.
300 ## - PHYSICAL DESCRIPTION
Extent 233 p. :
Dimensions 21 cm.
562 ## - COPY AND VERSION IDENTIFICATION NOTE
Number of copies 1
942 ## - ADDED ENTRY ELEMENTS (KOHA)
Source of classification or shelving scheme Library of Congress Classification
Koha item type Books
Call number prefix Rare Filipiniana
Holdings
Withdrawn status Lost status Source of classification or shelving scheme Damaged status Home library Current library Shelving location Date acquired Total Checkouts Total Renewals Full call number Barcode Date last seen Date checked out Copy number Price effective from Koha item type
    Library of Congress Classification   College Library College Library Filipiniana Section 03/05/2013 1 1 PL 6058.9 .Sa43 2010 C13511 05/08/2018 09/04/2017 1 03/05/2013 Books

Walong diwata ng pagkahulog /

APA

Samar E. C., . (2009). Walong diwata ng pagkahulog. Manila: Anvil.

Chicago

Samar Edgar Calabia, . 2009. Walong diwata ng pagkahulog. Manila: Anvil.

Harvard

Samar E. C., . (2009). Walong diwata ng pagkahulog. Manila: Anvil.

MLA

Samar Edgar Calabia, . Walong diwata ng pagkahulog. Manila: Anvil. 2009.

  • Place hold
  • Print
  • Cite
  • Add to your cart (remove)
  • Save record
    BIBTEX Dublin Core MARCXML MARC (non-Unicode/MARC-8) MARC (Unicode/UTF-8) MARC (Unicode/UTF-8, Standard) MODS (XML) RIS
  • More searches
    Search for this title in:
    Other Libraries (WorldCat) Other Databases (Google Scholar) Online Stores (Bookfinder.com) Open Library (openlibrary.org)

Exporting to Dublin Core...

SOUTHVILLE LIBRARY

Southville International School and Colleges Library

1281 Tropical Ave. Cor. Luxembourg St., BF Homes International, Las Pinas City

Tel. No. 8256374 / 252358 Loc. 117/146

Powered by Koha